000 00374nam a2200121Ia 4500
008 220216s9999 xx 000 0 und d
100 _aThompson M W
245 0 _aPossibilities of increasing crepe rubber production and the implications thereof
260 _bRubber Research Institute of Sri Lanka Bulletin
_c1974
300 _a25-27
650 _aCrepe rubber
942 _cJS
999 _c65330
_d65330